| 000 | 00692nam a2200241 i 4500 | ||
|---|---|---|---|
| 001 | bg | ||
| 100 | 1 |
_aBajkiewicz-Grabowska, Elżbieta _d(1949- ). |
|
| 245 | 1 | 0 |
_aHydrologia ogólna / _cElżbieta Bajkiewicz-Grabowska, Zdzisław Mikulski. |
| 250 | _aWyd. 2 zm. | ||
| 260 |
_aWarszawa : _bWydaw. Naukowe PWN, _c1996. |
||
| 300 |
_a297, [3] s. : _bmapy, rys., wykr. ; _c24 cm. |
||
| 504 | _aBibliogr. s. 288-290. - Indeks. | ||
| 650 | 9 | _aHydrologia | |
| 655 | _aPodręczniki | ||
| 700 | 1 | _aMIKULSKI, Zdzisław | |
| 020 | _a8301120010 | ||
| 040 | _cBPK | ||
| 041 | 0 | _apl | |
| 080 | _a556(07) | ||
| 920 | _a83-01-12001-0 | ||
| 942 | _cKS | ||
| 008 | s pl f |000 0 pol | ||
| 999 |
_c37455 _d37455 |
||
| 856 |
_uhttp://koha.tu.koszalin.pl/cgi-bin/koha/opac-detail.pl?biblionumber=37455 _yKatalog online BPK |
||